[Event "Biel Rapid op 58th"]
[Site "Biel"]
[Date "2025.07.13"]
[Round "1"]
[White "Dubel, Nathan"]
[Black "Shvedova, Alexandra"]
[Result "0-1"]
[WhiteElo "1762"]
[BlackElo "2204"]
[PlyCount "128"]
[EventDate "2025.07.13"]
[EventType "swiss (rapid)"]
[EventRounds "9"]
[EventCountry "SUI"]
[SourceTitle "CB29_2025"]
[SourceDate "2025.07.16"]
[SourceVersion "1"]
[SourceVersionDate "2025.07.16"]
[SourceQuality "1"]

1. d4 Nf6 2. c4 e6 3. Nc3 Bb4 4. a3 Bxc3+ 5. bxc3 c5 6. Bg5 Qa5 7. Bd2 Nc6 8. f3 Qc7 9. e4 cxd4 10. Ne2 dxc3 11. Bxc3 d6 12. Qd2 h6 13. Rd1 Ne5 14. Nf4 0-0 15. Qxd6 Qxd6 16. Rxd6 Ned7 17. Be2 b6 18. 0-0 Nc5 19. Bxf6 gxf6 20. Nh5 Ba6 21. Nxf6+ Kg7 22. Nh5+ Kh8 23. Rfd1 Rac8 24. Ng3 Na4 25. Rc1 Nb2 26. Rd7 Bxc4 27. Bxc4 Nxc4 28. Rxa7 Kg7 29. Ra4 Ne5 30. Rxc8 Rxc8 31. Rd4 Rc2 32. Rd6 Nc4 33. Rc6 b5 34. Rc5 Nxa3 35. Rxc2 Nxc2 36. Kf2 b4 37. Ne2 Kf6 38. Nc1 Ke5 39. Nb3 Nd4 40. Nc5 Kd6 41. Nd3 b3 42. Nb2 Kc5 43. Ke3 Nb5 44. Kd3 Kb4 45. Kd2 Na3 46. g4 Nc4+ 47. Kc1 Ne3 48. f4 Nxg4 49. Kd2 Nf6 50. f5 Nxe4+ 51. Ke3 exf5 52. Kd4 Ka3 53. Nc4+ Ka2 54. Ke5 b2 55. Nxb2 Kxb2 56. Kxf5 Nd6+ 57. Kg4 Kc3 58. Kh5 Nf5 59. Kg4 Ng7 60. Kf4 Kd4 61. h4 f5 62. Kg3 Ke4 63. Kh3 f4 64. Kg4 f3 0-1

[Event "Biel Rapid op 58th"]
[Site "Biel"]
[Date "2025.07.13"]
[Round "6"]
[White "Mueller, Konstantin"]
[Black "Shvedova, Alexandra"]
[Result "0-1"]
[WhiteElo "2017"]
[BlackElo "2204"]
[PlyCount "114"]
[EventDate "2025.07.13"]
[EventType "swiss (rapid)"]
[EventRounds "9"]
[EventCountry "SUI"]
[SourceTitle "CB29_2025"]
[SourceDate "2025.07.16"]
[SourceVersion "1"]
[SourceVersionDate "2025.07.16"]
[SourceQuality "1"]

1. e4 c5 2. Nf3 d6 3. d4 cxd4 4. Nxd4 Nf6 5. Nc3 a6 6. a4 Nc6 7. Be2 e6 8. 0-0 Be7 9. Be3 Qc7 10. f4 Bd7 11. Bf3 Na5 12. Qe2 0-0 13. Rad1 Nc4 14. Bc1 Rac8 15. b3 Na5 16. Bb2 e5 17. Nf5 Bxf5 18. exf5 exf4 19. Qd2 Qc5+ 20. Kh1 Qxf5 21. Rfe1 Rfe8 22. Ne4 Nxe4 23. Rxe4 Bg5 24. Rde1 Red8 25. Qxd6 Qxe4 26. Qxd8+ Rxd8 27. Bxe4 h6 28. Kg1 Nc6 29. Kf2 Bh4+ 30. g3 fxg3+ 31. hxg3 Bg5 32. Ke2 h5 33. Bc1 Nd4+ 34. Kf2 Bxc1 35. Rxc1 Nc6 36. c3 g6 37. b4 f5 38. Bf3 Ne5 39. Ke2 Nxf3 40. Kxf3 Kf7 41. c4 Rd3+ 42. Kf2 Ra3 43. b5 Rxa4 44. b6 Rb4 45. c5 Rb5 46. Ke3 a5 47. Kd4 Ke6 48. Re1+ Kd7 49. Kc4 Rb4+ 50. Kd5 a4 51. Ra1 g5 52. Ke5 f4 53. Ra3 Kc6 54. Kf5 Kxc5 55. Kxg5 fxg3 56. Kxh5 Kxb6 57. Rxg3 Rc4 0-1

[Event "Biel Rapid op 58th"]
[Site "Biel"]
[Date "2025.07.13"]
[Round "3"]
[White "Schweitzer, Olaf"]
[Black "Shvedova, Alexandra"]
[Result "0-1"]
[WhiteElo "1999"]
[BlackElo "2204"]
[PlyCount "131"]
[EventDate "2025.07.13"]
[EventType "swiss (rapid)"]
[EventRounds "9"]
[EventCountry "SUI"]
[SourceTitle "CB29_2025"]
[SourceDate "2025.07.16"]
[SourceVersion "1"]
[SourceVersionDate "2025.07.16"]
[SourceQuality "1"]

1. e4 c5 2. Nf3 d6 3. Bb5+ Nd7 4. c3 Ngf6 5. Qe2 a6 6. Ba4 g6 7. 0-0 b5 8. Bc2 Bg7 9. Rd1 Bb7 10. d4 0-0 11. e5 Bxf3 12. gxf3 Ne8 13. e6 fxe6 14. Qxe6+ Kh8 15. a4 Nc7 16. Qh3 Kg8 17. axb5 cxd4 18. cxd4 Nxb5 19. Be3 Nb6 20. Bb3+ Kh8 21. Be6 Nc7 22. Ba2 Nbd5 23. Nc3 Nxc3 24. bxc3 d5 25. c4 Qd6 26. c5 Qf6 27. f4 Rad8 28. Qg2 Qf5 29. Bb1 Qh5 30. Bd3 Rf6 31. Rdb1 Ne6 32. Qg3 Rdf8 33. Rxa6 Bh6 34. Kh1 Bxf4 35. Bxf4 Nxf4 36. Rxf6 Rxf6 37. c6 Nxd3 38. Qxd3 Rxc6 39. Qe3 Qh4 40. Qe5+ Qf6 41. Qxd5 Kg7 42. Re1 Rd6 43. Qe5 Kf7 44. Re4 Qxe5 45. dxe5 Rd1+ 46. Kg2 Ke6 47. f4 Kf5 48. Ra4 Rd2+ 49. Kg3 Rd3+ 50. Kg2 h5 51. Ra7 Kxf4 52. Rxe7 Re3 53. Rf7+ Kxe5 54. Re7+ Kf4 55. Rxe3 Kxe3 56. Kg3 Ke4 57. Kh4 Kf4 58. Kh3 g5 59. Kg2 g4 60. Kf2 h4 61. Kg2 Ke3 62. h3 g3 63. Kg1 Kf3 64. Kf1 Kf4 65. Kg1 Ke3 66. Kg2 0-1

[Event "Biel Rapid op 58th"]
[Site "Biel"]
[Date "2025.07.13"]
[Round "8"]
[White "Shvedova, Alexandra"]
[Black "Bok, Benjamin"]
[Result "0-1"]
[WhiteElo "2204"]
[BlackElo "2593"]
[PlyCount "68"]
[EventDate "2025.07.13"]
[EventType "swiss (rapid)"]
[EventRounds "9"]
[EventCountry "SUI"]
[SourceTitle "CB29_2025"]
[SourceDate "2025.07.16"]
[SourceVersion "1"]
[SourceVersionDate "2025.07.16"]
[SourceQuality "1"]

1. e4 c5 2. Ne2 d6 3. g3 d5 4. Bg2 dxe4 5. Nbc3 Nc6 6. Nxe4 e6 7. d3 Nge7 8. 0-0 Nf5 9. b3 Be7 10. Ba3 Qa5 11. Bb2 0-0 12. Nf4 f6 13. Re1 Qd8 14. Nd2 e5 15. Nd5 Bd6 16. Ne4 Be6 17. Nxd6 Qxd6 18. Nc3 Qd7 19. a4 Nfd4 20. a5 Nb4 21. Ne4 Rac8 22. c3 Nxb3 23. cxb4 Nxa1 24. Qxa1 cxb4 25. d4 exd4 26. Bxd4 Bd5 27. Rd1 Qc6 28. Qb1 f5 29. Nf6+ gxf6 30. Bxd5+ Qxd5 31. Bxf6 Qe4 32. Qb3+ Qc4 33. Qb2 Qc2 34. Rd7 Qc1+ 0-1

[Event "Sardinia World op-A"]
[Site "Orosei"]
[Date "2025.04.28"]
[Round "3"]
[White "Shvedova, Alexandra"]
[Black "Deboushnik, De"]
[Result "1/2-1/2"]
[WhiteElo "2266"]
[BlackElo "2038"]
[PlyCount "88"]
[EventDate "2025.04.27"]
[EventType "swiss"]
[EventRounds "9"]
[EventCountry "ITA"]
[SourceTitle "CB19_2025"]
[SourceDate "2025.05.07"]
[SourceVersion "1"]
[SourceVersionDate "2025.05.07"]
[SourceQuality "1"]

1. e4 c6 2. d4 d5 3. e5 c5 4. dxc5 e6 5. Nf3 Bxc5 6. Bd3 Nc6 7. 0-0 Nge7 8. a3 a6 9. b4 Ba7 10. Re1 Ng6 11. Bb2 0-0 12. Qd2 Bd7 13. a4 Bb8 14. Na3 Qb6 15. b5 Nce7 16. Bd4 Qd8 17. h4 f6 18. Qc3 f5 19. Qd2 Nc8 20. h5 Nh4 21. Qf4 Nxf3+ 22. Qxf3 axb5 23. Nxb5 Na7 24. Bc5 Rf7 25. Nd6 Bxd6 26. Bxd6 Nc8 27. Qf4 Bc6 28. Bc5 b6 29. Bd4 Rfa7 30. Re3 Rxa4 31. Rxa4 Rxa4 32. Rg3 Be8 33. Be2 Qe7 34. Kh2 Na7 35. c3 b5 36. Bd1 Ra1 37. Bf3 Nc6 38. Rh3 Nxd4 39. Qxd4 Ra4 40. Qb6 Rh4 41. Be2 Rxh3+ 42. Kxh3 Qd7 43. g4 g6 44. Qe3 Qe7 1/2-1/2

[Event "Sardinia World op-A"]
[Site "Orosei"]
[Date "2025.04.27"]
[Round "2"]
[White "Cedriano, Mattia"]
[Black "Shvedova, Alexandra"]
[Result "0-1"]
[WhiteElo "2067"]
[BlackElo "2266"]
[PlyCount "52"]
[EventDate "2025.04.27"]
[EventType "swiss"]
[EventRounds "9"]
[EventCountry "ITA"]
[SourceTitle "CB19_2025"]
[SourceDate "2025.05.07"]
[SourceVersion "1"]
[SourceVersionDate "2025.05.07"]
[SourceQuality "1"]

1. e4 c5 2. Nf3 d6 3. d4 cxd4 4. Nxd4 Nf6 5. Nc3 a6 6. f3 e5 7. Nb3 Be6 8. Be3 Be7 9. Qd2 0-0 10. 0-0-0 Nbd7 11. g4 b5 12. Kb1 Nb6 13. g5 Nh5 14. Na5 Rc8 15. Nd5 Nxd5 16. exd5 Bxd5 17. Qxd5 Qxa5 18. Bh3 Rc4 19. b3 Nf4 20. Bxf4 Rxf4 21. Qb7 Bxg5 22. Rxd6 e4 23. Qb6 Qc3 24. Rc6 Qxf3 25. Rg1 Bf6 26. Bg2 Qxg2 0-1

[Event "EU-ch rapid (Women)"]
[Site "Monaco"]
[Date "2025.01.12"]
[Round "9"]
[White "Shvedova, Alexandra"]
[Black "Sliwicka, Alicja"]
[Result "0-1"]
[WhiteElo "2266"]
[BlackElo "2344"]
[PlyCount "156"]
[EventDate "2025.01.11"]
[EventType "swiss (rapid)"]
[EventRounds "11"]
[EventCountry "MNC"]
[SourceTitle "CB03_2025"]
[SourceDate "2025.01.15"]
[SourceVersion "1"]
[SourceVersionDate "2025.01.15"]
[SourceQuality "1"]

1. e4 c5 2. Nf3 Nc6 3. d4 cxd4 4. Nxd4 Nf6 5. Nc3 d6 6. Bg5 g6 7. Qd2 Bg7 8. Nb3 a5 9. a4 Be6 10. h4 Rc8 11. Bb5 0-0 12. Bh6 Bxh6 13. Qxh6 Nb4 14. Nd4 d5 15. 0-0 dxe4 16. Nxe6 fxe6 17. Rad1 Qc7 18. Qg5 Kg7 19. Be2 h6 20. Qb5 Nxc2 21. Qb3 Nb4 22. Qxe6 Qf4 23. Qxe7+ Rf7 24. Qe6 Re8 25. Qh3 Nc6 26. Nb5 Ref8 27. Nd4 Nxd4 28. Rxd4 Qe5 29. Qe3 Re7 30. Rfd1 Rc8 31. g3 Rc2 32. b3 Qf5 33. Rd6 Rec7 34. Qb6 Rf7 35. Bc4 Re7 36. Qe3 Ng4 37. Qd4+ Kh7 38. Rd2 Rc1+ 39. Bf1 Ne5 40. Qe3 Nf3+ 41. Kg2 Nxd2 42. Be2 Rc2 43. Rxd2 Rxd2 44. Qxd2 e3 45. fxe3 Qe4+ 46. Bf3 Qxe3 47. Qxa5 Rd7 48. Qb4 Qd2+ 49. Qxd2 Rxd2+ 50. Kh3 b6 51. Bg4 Kg7 52. h5 g5 53. Be6 Kf6 54. Bg8 Kf5 55. Bh7+ Ke5 56. Kg4 Rd4+ 57. Kf3 g4+ 58. Ke3 Rd6 59. Bd3 Rf6 60. Be2 Kf5 61. b4 Re6+ 62. Kf2 Re5 63. Bd3+ Kg5 64. Bg6 Kf6 65. b5 Rc5 66. Ke3 Rc3+ 67. Bd3 Ra3 68. Kd4 Rxa4+ 69. Ke3 Kg5 70. Bg6 Rb4 71. Be8 Rb3+ 72. Kf2 Rf3+ 73. Kg2 Rf5 74. Kg1 Kf6 75. Kg2 Ke7 76. Bc6 Rxh5 77. Kf2 Re5 78. Kg2 Kd6 0-1

[Event "EU-ch blitz (Women)"]
[Site "Monaco"]
[Date "2025.01.10"]
[Round "13"]
[White "Khademalsharieh, Sarasadat"]
[Black "Shvedova, Alexandra"]
[Result "1/2-1/2"]
[WhiteElo "2458"]
[BlackElo "2266"]
[PlyCount "126"]
[EventDate "2025.01.10"]
[EventType "swiss (blitz)"]
[EventRounds "13"]
[EventCountry "MNC"]
[SourceTitle "CB03_2025"]
[SourceDate "2025.01.15"]
[SourceVersion "1"]
[SourceVersionDate "2025.01.15"]
[SourceQuality "1"]

1. d4 Nf6 2. c4 e6 3. Nc3 Bb4 4. e3 0-0 5. Bd2 Re8 6. Bd3 d5 7. Nf3 dxc4 8. Bxc4 c5 9. a3 cxd4 10. axb4 dxc3 11. Bxc3 Qe7 12. 0-0 Nbd7 13. Qb3 Nb6 14. Bd3 Bd7 15. Ne5 Red8 16. Bd4 Nfd5 17. b5 Be8 18. Rfd1 f6 19. Nc4 Bf7 20. Nxb6 Nxb6 21. Rxa7 Rxa7 22. Bxb6 Raa8 23. Bxd8 Rxd8 24. Qc2 g6 25. h3 e5 26. Be2 Kg7 27. Rxd8 Qxd8 28. Bf3 Qb6 29. Qe4 Qxb5 30. Qxb7 Qd3 31. Bc6 Kf8 32. Qb8+ Kg7 33. Qb7 Kf8 34. b4 Qd1+ 35. Kh2 Qd2 36. Qb8+ Kg7 37. Qa7 Kf8 38. e4 Qxb4 39. Qd7 Qe7 40. Qc8+ Kg7 41. Bd5 Bxd5 42. exd5 Kf7 43. Qc6 e4 44. d6 Qe5+ 45. g3 Qd4 46. Kg2 Qd3 47. d7 Qf3+ 48. Kg1 Qd1+ 49. Kh2 Qd2 50. Qc4+ Ke7 51. Qxe4+ Kxd7 52. Kg2 Kd8 53. Qa8+ Ke7 54. Qh8 Qd5+ 55. Kh2 Qd4 56. Qxh7+ Kd6 57. Kg1 Qd1+ 58. Kg2 Qd5+ 59. Kh2 Qd4 60. Kg2 Qd5+ 61. Kh2 Qd4 62. Kg1 Qd1+ 63. Kh2 Qd4 1/2-1/2

[Event "EU-ch blitz (Women)"]
[Site "Monaco"]
[Date "2025.01.10"]
[Round "7"]
[White "Shvedova, Alexandra"]
[Black "Benmesbah, Natacha"]
[Result "1-0"]
[WhiteElo "2266"]
[BlackElo "2259"]
[PlyCount "49"]
[EventDate "2025.01.10"]
[EventType "swiss (blitz)"]
[EventRounds "13"]
[EventCountry "MNC"]
[SourceTitle "CB03_2025"]
[SourceDate "2025.01.15"]
[SourceVersion "1"]
[SourceVersionDate "2025.01.15"]
[SourceQuality "1"]

1. e4 c6 2. d4 d5 3. e5 c5 4. dxc5 e6 5. Nf3 Bxc5 6. Bd3 f6 7. 0-0 Nc6 8. Qe2 Nd4 9. Nxd4 Bxd4 10. Qh5+ Kf8 11. exf6 Nxf6 12. Qh4 Bb6 13. Bf4 Bd7 14. Nd2 Kf7 15. Nf3 Rf8 16. Ng5+ Ke8 17. Bd6 Ne4 18. Bxe4 dxe4 19. Bxf8 Kxf8 20. Qxh7 Qxg5 21. Qh8+ Ke7 22. Qxa8 e5 23. Qxb7 Ke8 24. Rad1 e3 25. Qxd7+ 1-0

[Event "EU-ch blitz (Women)"]
[Site "Monaco"]
[Date "2025.01.10"]
[Round "12"]
[White "Shvedova, Alexandra"]
[Black "Zhukova, Natalia"]
[Result "1-0"]
[WhiteElo "2266"]
[BlackElo "2306"]
[PlyCount "69"]
[EventDate "2025.01.10"]
[EventType "swiss (blitz)"]
[EventRounds "13"]
[EventCountry "MNC"]
[SourceTitle "CB03_2025"]
[SourceDate "2025.01.15"]
[SourceVersion "1"]
[SourceVersionDate "2025.01.15"]
[SourceQuality "1"]

1. e4 e5 2. Nf3 Nc6 3. Bc4 Nf6 4. d3 Be7 5. 0-0 0-0 6. Re1 d6 7. a4 Na5 8. Ba2 c5 9. c3 Nc6 10. Nbd2 Be6 11. Nc4 h6 12. h3 Qd7 13. d4 exd4 14. cxd4 cxd4 15. Nxd4 Nxd4 16. Qxd4 Rac8 17. Bf4 Qxa4 18. b3 Qb4 19. Rad1 Rfd8 20. Bd2 Qc5 21. Be3 Qxd4 22. Bxd4 Nd7 23. Rd2 b6 24. f4 f6 25. Bf2 Nc5 26. Rd4 Bf7 27. Red1 Ne6 28. R4d2 Nxf4 29. Bg3 Ne6 30. Bxd6 Bxd6 31. Nxd6 Rc7 32. b4 Ng5 33. Nxf7 Rxd2 34. Nxg5+ Rxa2 35. Rd8# 1-0

[Event "EU-ch 24th"]
[Site "Petrovac"]
[Date "2024.11.16"]
[Round "8"]
[White "Domalchuk Jonasson, Aleksandr"]
[Black "Shvedova, Alexandra"]
[Result "0-1"]
[WhiteElo "2399"]
[BlackElo "2206"]
[PlyCount "96"]
[EventDate "2024.11.08"]
[EventType "swiss"]
[EventRounds "11"]
[EventCountry "MNE"]
[SourceTitle "CB47_2024"]
[SourceDate "2024.11.20"]
[SourceVersion "1"]
[SourceVersionDate "2024.11.20"]
[SourceQuality "1"]

1. c4 c5 2. Nf3 Nf6 3. d4 cxd4 4. Nxd4 e6 5. Nc3 d5 6. Bg5 e5 7. Nf3 d4 8. Nd5 Be7 9. Nxe7 Qxe7 10. e3 Bg4 11. Be2 d3 12. Bf1 Nc6 13. h3 Qb4+ 14. Qd2 Ne4 15. Qxb4 Nxb4 16. Bh4 Be6 17. Kd1 f6 18. b3 0-0-0 19. Nd2 Nc5 20. Kc1 Rd6 21. Kb2 Ra6 22. Bg3 Rd8 23. h4 Rdd6 24. h5 Rdb6 25. h6 g6 26. a3 Nc2 27. Ra2 Nxb3 28. Nxb3 Bxc4 29. Bxd3 Rxb3+ 30. Kxc2 Rxd3 31. Rh4 Bxa2 32. Kxd3 Rxa3+ 33. Kc2 Be6 34. Rb4 Kc7 35. Kb2 Ra2+ 36. Kc3 a5 37. Rb1 Kc6 38. Rd1 Bd5 39. e4 Bxe4 40. Rd8 Kb5 41. Kb3 Rc2 42. Bh4 a4+ 43. Ka3 g5 44. f3 Bg6 45. Be1 Rxg2 46. Rd7 b6 47. Bb4 Rg3 48. Rd5+ Kc4 0-1

[Event "Titled Tuesday intern op 24th Sep Early"]
[Site "Chess.com INT"]
[Date "2024.09.24"]
[Round "9"]
[White "Oliinyk, Serafym"]
[Black "Shvedova, Alexandra"]
[Result "1-0"]
[WhiteElo "2164"]
[BlackElo "2219"]
[PlyCount "53"]
[EventDate "2024.09.24"]
[EventType "swiss (blitz)"]
[EventRounds "11"]
[EventCountry "USA"]
[SourceTitle "EXT 2025"]
[Source "ChessBase"]
[SourceDate "2024.10.14"]
[SourceVersion "1"]
[SourceVersionDate "2024.10.14"]
[SourceQuality "1"]

1. d4 Nf6 2. Nf3 d5 3. g3 Bf5 4. Bg2 e6 5. 0-0 Be7 6. c4 c6 7. Ne5 0-0 8. Nc3 Nbd7 9. Qb3 Qb6 10. Nxd7 Nxd7 11. c5 Qa6 12. e4 dxe4 13. Nxe4 Nf6 14. Re1 Rfd8 15. Nxf6+ Bxf6 16. Be3 Rd7 17. Rad1 Rad8 18. Qc3 e5 19. Bf1 b5 20. cxb6 Qxb6 21. dxe5 Qc7 22. Rxd7 Qxd7 23. exf6 Qd5 24. Bg2 Qxa2 25. fxg7 Re8 26. h3 Qa4 27. Bxc6 1-0

[Event "Titled Tuesday intern op 24th Sep Early"]
[Site "Chess.com INT"]
[Date "2024.09.24"]
[Round "2"]
[White "Schulze, Ulrich"]
[Black "Shvedova, Alexandra"]
[Result "0-1"]
[WhiteElo "2296"]
[BlackElo "2219"]
[PlyCount "62"]
[EventDate "2024.09.24"]
[EventType "swiss (blitz)"]
[EventRounds "11"]
[EventCountry "USA"]
[SourceTitle "EXT 2025"]
[Source "ChessBase"]
[SourceDate "2024.10.14"]
[SourceVersion "1"]
[SourceVersionDate "2024.10.14"]
[SourceQuality "1"]

1. d4 Nf6 2. Nf3 d5 3. c4 e6 4. g3 dxc4 5. Bg2 Nc6 6. Qa4 Nd7 7. Qxc4 Nb6 8. Qd3 e5 9. dxe5 Qxd3 10. exd3 Nb4 11. Na3 Nxd3+ 12. Ke2 Bf5 13. Rd1 Bxa3 14. bxa3 0-0-0 15. Bg5 Rd7 16. Nh4 Bg4+ 17. f3 Be6 18. Rxd3 Bc4 19. Rad1 h6 20. Be3 Rxd3 21. Rxd3 Rd8 22. Bh3+ Kb8 23. Nf5 Rxd3 24. Nxg7 Rxa3+ 25. Kf2 Rxa2+ 26. Kg1 Ra1+ 27. Kf2 Nd5 28. Bxh6 Ra2+ 29. Kg1 Nc3 30. Be3 Ne2+ 31. Kf2 Nf4+ 0-1

[Event "Titled Tuesday intern op 24th Sep Early"]
[Site "Chess.com INT"]
[Date "2024.09.24"]
[Round "8"]
[White "Shvedova, Alexandra"]
[Black "Pyrig, Roman"]
[Result "0-1"]
[WhiteElo "2219"]
[BlackElo "2414"]
[PlyCount "162"]
[EventDate "2024.09.24"]
[EventType "swiss (blitz)"]
[EventRounds "11"]
[EventCountry "USA"]
[SourceTitle "EXT 2025"]
[Source "ChessBase"]
[SourceDate "2024.10.14"]
[SourceVersion "1"]
[SourceVersionDate "2024.10.14"]
[SourceQuality "1"]

1. e4 c5 2. Ne2 Nc6 3. d4 cxd4 4. Nxd4 Nf6 5. Nc3 e5 6. Ndb5 d6 7. Bg5 a6 8. Na3 b5 9. Nd5 Be7 10. Bxf6 Bxf6 11. c3 Bg5 12. Nc2 0-0 13. a4 bxa4 14. Rxa4 Bb7 15. h4 Bh6 16. g3 Ne7 17. Ncb4 a5 18. Nxe7+ Qxe7 19. Nd5 Bxd5 20. Qxd5 Rab8 21. b3 Qc7 22. Bc4 Kh8 23. Qxa5 Qe7 24. 0-0 f5 25. exf5 Rxf5 26. Qa7 Qf8 27. Ra2 Rf3 28. Bd5 Rxc3 29. Rfa1 Rbc8 30. Qb6 R3c5 31. Bb7 Rb8 32. Ra8 Rc1+ 33. Rxc1 Bxc1 34. Rxb8 Qxb8 35. Qc6 Ba3 36. h5 Qf8 37. Qc2 Bc5 38. Be4 Qf6 39. b4 Bb6 40. Bxh7 Qf3 41. Kf1 Qxh5 42. Be4 Qh3+ 43. Ke1 Qd7 44. Bf5 Qd8 45. b5 Bc5 46. Kf1 Qf6 47. Qe4 g6 48. Qa8+ Kg7 49. Qb7+ Kh6 50. Qh1+ Kg5 51. Qh4+ Kxf5 52. Qh3+ Ke4 53. Qg4+ Kd5 54. Qd1+ Ke6 55. Qg4+ Qf5 56. Qc4+ Ke7 57. Qe2 Kd7 58. Qa2 Qd3+ 59. Kg2 Qxb5 60. Qf7+ Kc8 61. Qxg6 Qc6+ 62. Kh2 Qd5 63. Qe8+ Kc7 64. Qe7+ Kb6 65. Qd8+ Kb5 66. Qb8+ Ka4 67. Qf8 Qd2 68. Kg2 e4 69. g4 e3 70. Qf4+ Kb3 71. Qf7+ d5 72. Qb7+ Kc2 73. Qh7+ Kd1 74. Qh1+ Kc2 75. Qh7+ Kc3 76. Qg7+ d4 77. Qf6 Qxf2+ 78. Qxf2 exf2 79. Kxf2 d3+ 80. Ke1 Be3 81. Kd1 Bg5 0-1

[Event "Speed Chess (Women) Play In 3"]
[Site "Chess.com INT"]
[Date "2024.08.15"]
[Round "5"]
[White "Matveeva, Olga"]
[Black "Shvedova, Alexandra"]
[Result "1/2-1/2"]
[WhiteElo "2182"]
[BlackElo "2219"]
[PlyCount "133"]
[EventDate "2024.08.15"]
[EventType "swiss (blitz)"]
[EventRounds "11"]
[EventCountry "USA"]
[SourceTitle "CBM 221 Extra"]
[Source "ChessBase"]
[SourceDate "2024.09.30"]
[SourceVersion "1"]
[SourceVersionDate "2024.09.30"]
[SourceQuality "1"]

1. d4 Nf6 2. c4 e6 3. g3 d5 4. Nf3 dxc4 5. Bg2 Nc6 6. 0-0 Rb8 7. a4 b6 8. Na3 Ba6 9. Nb5 Be7 10. Ne5 Nxe5 11. dxe5 Nd7 12. Bc6 Bb7 13. Bxb7 Rxb7 14. Qd4 0-0 15. Bf4 a6 16. Rfd1 axb5 17. Qxd7 bxa4 18. Qxa4 Qc8 19. Qxc4 c5 20. Qb5 h6 21. Ra6 Qc7 22. h4 Rfb8 23. Rc1 g5 24. hxg5 hxg5 25. Be3 Qxe5 26. b4 Qb2 27. Ra4 Bf6 28. Qc6 cxb4 29. Qb5 b3 30. Bxg5 Qe5 31. Qxe5 Bxe5 32. Rb4 Rc7 33. Rxc7 Bxc7 34. Rxb3 b5 35. Kg2 Bd6 36. Kf3 b4 37. Ke4 Rc8 38. Bf6 Rc2 39. Kd3 Rc5 40. g4 Rd5+ 41. Kc2 Kh7 42. g5 Kg6 43. e4 Rc5+ 44. Kb1 Rc4 45. Rh3 Rxe4 46. Rh6+ Kf5 47. Rh7 Re1+ 48. Kb2 Re2+ 49. Kb3 Rxf2 50. Rxf7 Ke4 51. Rd7 Be5 52. Bxe5 Kxe5 53. Kxb4 Rg2 54. Rg7 Kf5 55. Kc4 Rxg5 56. Rf7+ Ke5 57. Kd3 Rg3+ 58. Ke2 Ra3 59. Rh7 Ke4 60. Rh4+ Kd5 61. Rg4 e5 62. Rh4 e4 63. Rh8 Ra2+ 64. Ke3 Ra3+ 65. Ke2 Ra4 66. Ke3 Ra3+ 67. Ke2 1/2-1/2

[Event "Speed Chess (Women) Play In 3"]
[Site "Chess.com INT"]
[Date "2024.08.15"]
[Round "10"]
[White "Osmak, Iulija"]
[Black "Shvedova, Alexandra"]
[Result "1-0"]
[WhiteElo "2471"]
[BlackElo "2219"]
[PlyCount "45"]
[EventDate "2024.08.15"]
[EventType "swiss (blitz)"]
[EventRounds "11"]
[EventCountry "USA"]
[SourceTitle "CBM 221 Extra"]
[Source "ChessBase"]
[SourceDate "2024.09.30"]
[SourceVersion "1"]
[SourceVersionDate "2024.09.30"]
[SourceQuality "1"]

1. e4 e5 2. Nf3 Nc6 3. Bb5 Nf6 4. Qe2 d6 5. 0-0 a6 6. Ba4 g6 7. d4 b5 8. dxe5 dxe5 9. Bb3 Bg7 10. a4 Rb8 11. axb5 axb5 12. Rd1 Qe7 13. Nc3 b4 14. Ba4 Bd7 15. Rxd7 Qxd7 16. Nxe5 Qd6 17. Nxc6 Ra8 18. e5 Qc5 19. exf6+ Kf8 20. fxg7+ Kxg7 21. Be3 Qf5 22. Bd4+ Kh6 23. Bxh8 1-0

[Event "Speed Chess (Women) Play In 3"]
[Site "Chess.com INT"]
[Date "2024.08.15"]
[Round "9"]
[White "Shvedova, Alexandra"]
[Black "Bodnaruk, Anastasia"]
[Result "0-1"]
[WhiteElo "2219"]
[BlackElo "2333"]
[PlyCount "72"]
[EventDate "2024.08.15"]
[EventType "swiss (blitz)"]
[EventRounds "11"]
[EventCountry "USA"]
[SourceTitle "CBM 221 Extra"]
[Source "ChessBase"]
[SourceDate "2024.09.30"]
[SourceVersion "1"]
[SourceVersionDate "2024.09.30"]
[SourceQuality "1"]

1. e4 c5 2. Ne2 d6 3. g3 Nc6 4. Bg2 g6 5. c3 Bg7 6. d4 cxd4 7. cxd4 Nf6 8. Nbc3 0-0 9. 0-0 e5 10. d5 Ne7 11. h3 Ne8 12. Be3 f5 13. f3 Nf6 14. g4 h6 15. Rc1 Bd7 16. Qd2 Kh7 17. b4 b5 18. Qd3 a6 19. Rb1 Rc8 20. Rfc1 Rc4 21. a4 fxg4 22. fxg4 Qc7 23. a5 g5 24. Bb6 Qc8 25. Ng3 Ng6 26. Qd2 Nf4 27. Bf1 Bxg4 28. hxg4 Qxg4 29. Qf2 N6h5 30. Bg2 Nxg3 31. Qd2 Rxc3 32. Rxc3 Nfe2+ 33. Kh2 Qh4+ 34. Bh3 g4 35. Rxg3 Qxg3+ 36. Kh1 Qxh3# 0-1

[Event "Speed Chess (Women) Play In 3"]
[Site "Chess.com INT"]
[Date "2024.08.15"]
[Round "6"]
[White "Shvedova, Alexandra"]
[Black "Priyanka, Nutakki"]
[Result "1-0"]
[WhiteElo "2219"]
[BlackElo "2292"]
[PlyCount "81"]
[EventDate "2024.08.15"]
[EventType "swiss (blitz)"]
[EventRounds "11"]
[EventCountry "USA"]
[SourceTitle "CBM 221 Extra"]
[Source "ChessBase"]
[SourceDate "2024.09.30"]
[SourceVersion "1"]
[SourceVersionDate "2024.09.30"]
[SourceQuality "1"]

1. e4 Nc6 2. Nf3 d6 3. d4 Nf6 4. Nc3 g6 5. Bc4 Bg7 6. 0-0 0-0 7. Re1 a6 8. a4 Bg4 9. Be3 e5 10. d5 Nd4 11. Bxd4 exd4 12. Qxd4 Bxf3 13. gxf3 Nh5 14. Qe3 Be5 15. Ne2 Qh4 16. Ng3 Nf4 17. Bf1 Rae8 18. Rad1 h5 19. a5 Qg5 20. Kh1 h4 21. Ne2 f5 22. Nd4 fxe4 23. fxe4 Qf6 24. c3 Kg7 25. Bc4 Kh7 26. Rg1 Bxd4 27. Rxd4 Re5 28. Rg4 Kg7 29. Rd1 h3 30. Rdg1 Re7 31. Bf1 Re5 32. c4 Rh5 33. Qg3 Qe5 34. Rxg6+ Kh7 35. Rg7+ Kh6 36. Rg6+ Kh7 37. Rg4 Qxe4+ 38. f3 Qe5 39. Rxf4 Rxf4 40. Qg6+ Kh8 41. Qg8# 1-0

[Event "Speed Chess (Women) Play In 1"]
[Site "Chess.com INT"]
[Date "2024.08.12"]
[Round "10"]
[White "Shvedova, Alexandra"]
[Black "Bulmaga, Irina"]
[Result "1-0"]
[WhiteElo "2219"]
[BlackElo "2406"]
[PlyCount "109"]
[EventDate "2024.08.12"]
[EventType "swiss (blitz)"]
[EventRounds "11"]
[EventCountry "USA"]
[SourceTitle "CBM 221 Extra"]
[Source "ChessBase"]
[SourceDate "2024.09.30"]
[SourceVersion "1"]
[SourceVersionDate "2024.09.30"]
[SourceQuality "1"]

1. e4 d6 2. d4 Nf6 3. Nc3 e5 4. Nf3 Nbd7 5. Bc4 Be7 6. 0-0 c6 7. Re1 h6 8. h3 Qc7 9. a4 Nf8 10. a5 Ng6 11. Be3 0-0 12. Qd2 Re8 13. Bf1 Bf8 14. d5 Bd7 15. b4 cxd5 16. Nxd5 Nxd5 17. Qxd5 Be6 18. Qd2 f5 19. exf5 Bxf5 20. c4 b6 21. Red1 Kh7 22. Qd5 Rab8 23. axb6 axb6 24. Nd2 Ne7 25. Qf3 Qb7 26. Qxb7 Rxb7 27. g4 Be6 28. Ne4 Nc8 29. Nc3 g5 30. Nd5 Bg7 31. Bd3+ Kh8 32. Be4 Bxd5 33. Bxd5 Rb8 34. Ra6 Bf6 35. Rd2 Bd8 36. Rda2 Ne7 37. Be4 Bc7 38. Ra7 Rec8 39. Kf1 Kg8 40. Ke2 Kf8 41. Bb7 Rd8 42. Ba6 Rd7 43. Bb5 Nc8 44. Bxd7 Nxa7 45. Rxa7 Bd8 46. Be6 Be7 47. Bd5 Kg7 48. Rb7 Rxb7 49. Bxb7 Kf6 50. Bxb6 d5 51. c5 e4 52. Bxd5 Ke5 53. Bb7 Kd4 54. c6+ Kc4 55. c7 1-0